| 000 | 00972cab a2200301 4500 | ||
|---|---|---|---|
| 001 | ABS49389 | ||
| 008 | 090401t1993 xxu||||| |||| 00| 0 eng d | ||
| 035 | _a(Sirsi) u71071 | ||
| 041 | _aeng | ||
| 100 | _aRidout, G. | ||
| 245 | _aConning the client: the £35m discount scam | ||
| 260 | _c1993 | ||
| 350 | _a0 | ||
| 490 |
_aBuilding _v258(7810) 10 September 1993, 20-21(2) |
||
| 520 | _aChallenges the increasing practice of management fee contractors appropriating trade discounts without passing on benefits to their clients. Concern over the possibility of widespread fraud is voiced. | ||
| 650 |
_aCONSTRUCTION MANAGEMENT _96230 |
||
| 650 | _aCORRUPTION | ||
| 650 | _aDESIGN MANAGE AND CONSTRUCT | ||
| 650 | _aDISCOUNTS | ||
| 650 | _aETHICS | ||
| 650 | _aFRAUD | ||
| 650 | _aMANAGEMENT CONTRACTING | ||
| 690 | _aBUILT ENVIRONMENT-BUILDING CONTRACT FORMS | ||
| 690 | _aPROFESSIONAL PRACTICE | ||
| 700 | _h | ||
| 942 | _n0 | ||
| 948 | _c04/03/1997 | ||
| 999 |
_c44774 _d44774 |
||